[Event "Fyli op 5th"]
[Site "Fyli"]
[Date "2012.09.15"]
[Round "1"]
[White "Tsoukarakis, Dimitrios"]
[Black "Theodosopoulos, Konstantinos"]
[Result "1-0"]
[WhiteElo "1015"]
[BlackElo "1005"]
[PlyCount "56"]
[EventDate "2012.09.15"]
[EventType "swiss"]
[EventRounds "7"]
[EventCountry "GRE"]
[SourceTitle "EXT 2014"]
[Source "ChessBase"]
[SourceDate "2013.11.20"]
[SourceVersion "1"]
[SourceVersionDate "2013.11.20"]
[SourceQuality "1"]

1. d4 d5 2. Bf4 Nc6 3. Nc3 Nf6 4. Nf3 Bf5 5. e3 e6 6. Bb5 Bb4 7. 0-0 a6 8. Bxc6+ bxc6 9. a3 Bxc3 10. bxc3 0-0 11. Rb1 Ne4 12. Rb7 Rc8 13. Ra7 Nxc3 14. Qd2 Ne4 15. Qb4 a5 16. Rxa5 Rb8 17. Qa4 Qd7 18. Ne5 Qe8 19. Nxc6 Nd2 20. Rd1 Nc4 21. Ra6 Rb6 22. Rxb6 Nxb6 23. Qb3 Qxc6 24. h3 Bxc2 25. Rc1 Bxb3 26. Rxc6 Rc8 27. Bxc7 Ba4 28. Rxb6 Rxc7 1-0